Sovrani francesi - Statistics

Statistiche generali
  • Questo quiz è stato fatto 304 volte
  • Il punteggio medio è 40 su 56
Statistiche sulle risposte
Anni Sovrano % Corretto
1314-1316 Luigi X
96%
1461-1483 Luigi XI
96%
814-840 Luigi I
95%
1715-1774 Luigi XV
94%
877-879 Luigi II
93%
986-987 Luigi V
93%
1108-1137 Luigi VI
93%
1498-1515 Luigi XII
93%
1610-1643 Luigi XIII
93%
1774-1792 Luigi XVI
93%
936-954 Luigi IV
92%
1137-1180 Luigi VII
92%
1223-1226 Luigi VIII
92%
879-882 Luigi III
91%
1226-1270 Luigi IX
91%
1643-1715 Luigi XIV
90%
768-814 Carlo I
88%
840-877 Carlo II
87%
1814-1815 Luigi XVIII
86%
1815-1824 Luigi XVIII
86%
884-887 Carlo III
85%
898-922 Carlo III
85%
1364-1380 Carlo V
85%
1380-1422 Carlo VI
85%
1422-1461 Carlo VII
85%
1483-1498 Carlo VIII
85%
1322-1328 Carlo IV
83%
1804-1814 Napoleone I
80%
1815-1815 Napoleone I
80%
1852-1870 Napoleone III
79%
1824-1830 Carlo X
78%
1564-1570 Carlo IX
74%
1515-1547 Francesco I
69%
1031-1060 Enrico I
66%
1060-1108 Filippo I
66%
1559-1560 Francesco II
66%
1547-1559 Enrico II
65%
1180-1223 Filippo II
65%
1574-1589 Enrico III
64%
1589-1610 Enrico IV
64%
1285-1314 Filippo IV
63%
751-768 Pipino
63%
1270-1285 Filippo III
62%
1316-1322 Filippo V
62%
1328-1350 Filippo VI
62%
1830-1848 Luigi Filippo I
43%
987-996 Ugo
42%
1316-1316 Giovanni I
39%
1350-1364 Giovanni II
38%
954-986 Lotario
31%
768-771 Carlomanno I
24%
879-884 Carlomanno II
21%
922-923 Roberto I
21%
996-1031 Roberto II
21%
888-898 Oddone
18%
923-936 Rodolfo
14%
Nessun quiz corrispondente trovato
Distribuzione punteggi
Percentuale di utenti per punteggio
Percentile per numero di risposta
I tuoi punteggi nel tempo
Non hai fatto questo quiz